Thằng gù nhà thờ Đức Bà

Uloženo v:
Podrobná bibliografie
Hlavní autor: Hugo, Victor
Další autoři: Nhị Ca dịch
Médium: Kniha
Jazyk:Vietnamese
Vydáno: Hà Nội Văn Học 2011
Edice:Văn học cổ điển nước ngoài. Văn học Pháp
Témata:
Tagy: Přidat tag
Žádné tagy, Buďte první, kdo otaguje tento záznam!
Thư viện lưu trữ: Trung tâm Học liệu Lê Vũ Hùng, Trường Đại học Đồng Tháp
LEADER 00904aam a22002658a 4500
001 00028983
005 20171026081023.0
008 120427s2011 ||||||viesd
020 |c 108000 
041 0 # |a vie 
082 1 4 |a 843  |b TH116G 
100 1 # |a Hugo, Victor 
245 1 0 |a Thằng gù nhà thờ Đức Bà  |c Victor Huygo; Nhị Ca dịch 
260 # # |a Hà Nội  |b Văn Học  |c 2011 
300 # # |a 535tr.  |c 24cm. 
490 # # |a Văn học cổ điển nước ngoài. Văn học Pháp 
600 1 4 |a Huygo, Victor 
650 # 4 |a Văn học cổ điển  |x Tiểu thuyết  |z Pháp 
653 # # |a Văn học Pháp 
700 0 # |a Nhị Ca dịch 
852 # # |b Kho mượn  |j KM.0013940 
852 # # |b Kho đọc  |j KD.0013434 
852 # # |j KM.0013940  |j KD.0013434 
910 |d 27/04/2012 
980 # # |a Trung tâm Học liệu Lê Vũ Hùng, Trường Đại học Đồng Tháp